| 000 | 00393nam a2200157 a 4500 | ||
|---|---|---|---|
| 005 | 20140414131927.0 | ||
| 008 | 140122s19uu xx 00 eng d | ||
| 020 | _a97884239233 | ||
| 050 |
_aER _bSno6 2005 |
||
| 245 | _aSnow White. | ||
| 260 |
_aLondon : _bAlligator Books Limited, _cc2005. |
||
| 300 | _a20 | ||
| 440 | _aA Princess tale | ||
| 650 | _aSnow White-fiction. | ||
| 999 |
_c112081 _d112081 |
||